Home Print Resources E-Books E-Journals IIMT Lecture Series Library Membership Form Book Recommendation Form Campus Tour Take AdmissionAbout Us Contact Us

ADVERTISING MANAGEMENT (Record no. 9410)

000 -LEADER
fixed length control field 00344nam a2200145Ia 4500
003 - CONTROL NUMBER IDENTIFIER
control field OSt
005 - DATE AND TIME OF LATEST TRANSACTION
control field 20231226072439.0
008 - FIXED-LENGTH DATA ELEMENTS--GENERAL INFORMATION
fixed length control field 170524s9999 xx 000 0 und d
020 ## - INTERNATIONAL STANDARD BOOK NUMBER
International Standard Book Number 9798184350912
040 ## - CATALOGING SOURCE
Transcribing agency IIMT UNIVERSTY
100 ## - MAIN ENTRY--PERSONAL NAME
Personal name MALVIYA SUBHASH
245 #0 - TITLE STATEMENT
Title ADVERTISING MANAGEMENT
260 ## - PUBLICATION, DISTRIBUTION, ETC.
Name of publisher, distributor, etc. New Delhi : Adhiyaya
942 ## - ADDED ENTRY ELEMENTS (KOHA)
Source of classification or shelving scheme
Koha item type Text-Book- for 7 days
Holdings
Withdrawn status Lost status Source of classification or shelving scheme Damaged status Not for loan Home library Current library Date acquired Barcode Date last seen Uniform Resource Identifier Price effective from Koha item type Total Checkouts Date last checked out
          IIMT University Central Library Meerut IIMT University Central Library Meerut 05/29/2017 01-B-94537 05/29/2017 MARKETING MANAGEMENT 05/29/2017 Book Bank    
          IIMT University Central Library Meerut IIMT University Central Library Meerut 05/29/2017 01-B-94538 05/09/2019 MARKETING MANAGEMENT 05/29/2017 Book Bank 1 04/30/2019
          IIMT University Central Library Meerut IIMT University Central Library Meerut 05/29/2017 01-B-94539 11/16/2021 MARKETING MANAGEMENT 05/29/2017 Book Bank 1 11/09/2021
IIMT, Central Library. All Rights Reserved IIMT,UNIVERSITY © 2023
Implemented and Customised by I CLOUDE EMS
You Are OPAC Visitor No
free web counter

Powered by Koha